Southville International School and Colleges
Your cart is empty.
  • Cart
  • Lists
    Public lists list_1 View all
    Your lists Log in to create your own lists
  • Log in to your account
  • Your cookies
  • Search history
Southville International School and Colleges
  • Advanced search
  • Recent comments
  • Most popular
  • Libraries

Log in to your account

Log in with GOOGLE


If you do not have an external account, but do have a local account, you can still log in:

  1. Home
  2. MARC view: SQ :
Normal view MARC view ISBD view

SQ : (Record no. 283796)

[ view plain ]
MARC details
000 -LEADER
fixed length control field 00782cam a22002417a 4500
001 - CONTROL NUMBER
control field 12022623
003 - CONTROL NUMBER IDENTIFIER
control field PILC
005 - DATE AND TIME OF LATEST TRANSACTION
control field 20150319133823.0
008 - FIXED-LENGTH DATA ELEMENTS--GENERAL INFORMATION
fixed length control field 000526s2000 enka b 001 0 eng
010 ## - LIBRARY OF CONGRESS CONTROL NUMBER
LC control number 00362651
020 ## - INTERNATIONAL STANDARD BOOK NUMBER
International Standard Book Number 0747546762
040 ## - CATALOGING SOURCE
Original cataloging agency DLC
Transcribing agency DLC
Modifying agency DLC
050 00 - LIBRARY OF CONGRESS CALL NUMBER
Classification number HD 38.7
Item number .Z85 2000
100 1# - MAIN ENTRY--PERSONAL NAME
Personal name Zohar, Danah,
Dates associated with a name 1945-
245 10 - TITLE STATEMENT
Title SQ :
Remainder of title spiritual intelligence, the ultimate intelligence /
Statement of responsibility, etc Danah Zohar & Ian Marshall.
260 ## - PUBLICATION, DISTRIBUTION, ETC. (IMPRINT)
Place of publication, distribution, etc London :
Name of publisher, distributor, etc Bloomsbury,
Date of publication, distribution, etc 2000.
300 ## - PHYSICAL DESCRIPTION
Extent 324 pages :
Other physical details illustrations ;
Dimensions 24 cm.
504 ## - BIBLIOGRAPHY, ETC. NOTE
Bibliography, etc Includes bibliographical references (p. 301-306) and index.
700 1# - ADDED ENTRY--PERSONAL NAME
Personal name Marshall, I. N.
906 ## - LOCAL DATA ELEMENT F, LDF (RLIN)
a 7
b cbc
c orignew
d 4
e ncip
f 19
g y-gencatlg
942 ## - ADDED ENTRY ELEMENTS (KOHA)
Source of classification or shelving scheme Library of Congress Classification
Koha item type Books
Holdings
Withdrawn status Lost status Source of classification or shelving scheme Damaged status Home library Current library Shelving location Date acquired Source of acquisition Total Checkouts Full call number Barcode Date last seen Price effective from Koha item type
    Library of Congress Classification   College Library College Library General Circulation Section 03/19/2015 Library Fund   HD 38.7 .Z85 2000 C19226 05/15/2018 03/19/2015 Books

SQ :

APA

Zohar D., Marshall I. N., . (2000). SQ. London: Bloomsbury.

Chicago

Zohar Danah, Marshall I N, . 2000. SQ. London: Bloomsbury.

Harvard

Zohar D., Marshall I. N., . (2000). SQ. London: Bloomsbury.

MLA

Zohar Danah, Marshall I N, . SQ. London: Bloomsbury. 2000.

  • Place hold
  • Print
  • Cite
  • Add to your cart (remove)
  • Save record
    BIBTEX Dublin Core MARCXML MARC (non-Unicode/MARC-8) MARC (Unicode/UTF-8) MARC (Unicode/UTF-8, Standard) MODS (XML) RIS
  • More searches
    Search for this title in:
    Other Libraries (WorldCat) Other Databases (Google Scholar) Online Stores (Bookfinder.com) Open Library (openlibrary.org)

Exporting to Dublin Core...

SOUTHVILLE LIBRARY

Southville International School and Colleges Library

1281 Tropical Ave. Cor. Luxembourg St., BF Homes International, Las Pinas City

Tel. No. 8256374 / 252358 Loc. 117/146

Powered by Koha